La fenomenología del espíritu de Hegel curso del semestre de invierno, Friburgo, 1930-1931 (Registro nro. 16970)

Detalles MARC
000 -ENCABEZADO
Número de control [NR] 00832nam a2200229Ia 4500
005 - FECHA Y HORA DE LA ÚLTIMA TRANSACCIÓN
control field 20211108101815.0
008 - DE LONGITUD FIJA DE DATOS DE ELEMENTOS - INFORMACIÓN GENERAL
Elementos de longitud fija [NR] 130821s1992 sp gr spa
020 ## - NUMERO INTERNACIONAL NORMALIZADO PARA LIBROS [R]
Número Internacional Normalizado del libro [NR] 8420627062
040 ## - FUENTE DE CATALOGACION [NR]
Agencia de catalogación original [NR] Co-BoUCM
Idioma de catalogación [NR] spa
Quien Cataloga [Nuevo]
Quien Clasifica [Nuevo]
041 ## - CODIGO DE IDIOMA [R]
Código de idioma para texto/pista de sonido o título separado [R] Español
100 1# - ASIENTO PRINCIPAL--NOMBRE PERSONAL [NR]
Nombre personal [NR] Heidegger, Martin
Fechas asociadas con el nombre [NR] 1889-1976
ID Autoridad 51143
245 13 - MENCION DE TITULO [NR]
Título [NR] La fenomenología del espíritu de Hegel curso del semestre de invierno, Friburgo, 1930-1931
Mención de responsabilidad, etc. [NR] Martin Heidegger; traducción Manuel E. Vásquez; Klaus Wrehde
260 ## - PUBLICACION, DISTRIBUCION, ETC. (PIE DE IMPRENTA) [R]
Lugar de publicación, distribución, etc. [R] Madrid (España)
Nombre del editor, distribuidor, etc. [R] Alianza
Fecha de publicación, distribución, etc. [R] 1992
300 ## - DESCRIPCION FISICA [R]
Extensión [R] 259 páginas
490 ## - MENCION DE SERIE [R]
Mención de serie [R] AU. Filosofía, 706
650 04 - ASIENTO SECUNDARIO DE MATERIA - TERMINO TEMATICO [R]
Término temático o nombre geográfico como elemento de entrada [NR] Fenomenología
9 (RLIN) 15640
650 04 - ASIENTO SECUNDARIO DE MATERIA - TERMINO TEMATICO [R]
Término temático o nombre geográfico como elemento de entrada [NR] Filosofía alemana
9 (RLIN) 7622
650 04 - ASIENTO SECUNDARIO DE MATERIA - TERMINO TEMATICO [R]
Término temático o nombre geográfico como elemento de entrada [NR] Filosofía
9 (RLIN) 75
765 ## - ASIENTO DE IDIOMA ORIGINAL [R]
Título [NR] Hegels phèanomenologie des geistes
942 ## - ELEMENTOS DE ENTRADA AGREGADOS (KOHA)
Tipo de ítem principal el descrito en 300a Libro
Tema principal Filosofía
Edición 1
Parte restante de la signatura top. H465f
Sistema de clasificación DEWEY
Clasificación 142.7
Existencias
Fecha de último préstamo Total préstamos Total Renewals Signatura topográfica Código de barras Última vez visto Ejemplar Price effective from Tipo de ítem Perdido Sistema de clasificación Dañado No prestable Tipo de ítem específico Suprimido Ubicación habitual Ubicación actual Localización Fecha de creación Forma de adquisición Costo
18/11/2019 40 4 142.7 H465f 100036847 05/12/2025 Ej.1 03/02/2013 Libro   DEWEY     Libro   Claustro Claustro 2do piso 28/02/2003 Compra 33800.00